000
00273nam a2200109Ia 4500
001
1262220
005
20260417140407.0
008
260417s9999 xx 000 0 und d
020
_a
9786050824247
245
0
_a
Kayıp Sır
_c
Okay Tiryakioğlu
260
_b
Timaş Yayınları
999
_c
1262220
_d
1262220